National survey of the education of teachers. (Record no. 21371)
[ view plain ]
| 000 -LEADER | |
|---|---|
| fixed length control field | 00827cam a22002531 4500 |
| 001 - CONTROL NUMBER | |
| control field | e 33001443 |
| 003 - CONTROL NUMBER IDENTIFIER | |
| control field | DLC |
| 005 - DATE AND TIME OF LATEST TRANSACTION | |
| control field | 20260227111224.0 |
| 008 - FIXED-LENGTH DATA ELEMENTS--GENERAL INFORMATION | |
| fixed length control field | 800202m19321935dcua s f000 0 engdc |
| 010 ## - LIBRARY OF CONGRESS CONTROL NUMBER | |
| LC control number | e 33001443 |
| 035 ## - SYSTEM CONTROL NUMBER | |
| System control number | (OCoLC)5939092 |
| 040 ## - CATALOGING SOURCE | |
| Original cataloging agency | U.S. Office of Education. Library |
| Transcribing agency | ICSU |
| Modifying agency | ICSU |
| -- | DLC |
| 042 ## - AUTHENTICATION CODE | |
| Authentication code | premarc |
| 043 ## - GEOGRAPHIC AREA CODE | |
| Geographic area code | n-us--- |
| 050 00 - LIBRARY OF CONGRESS CALL NUMBER | |
| Classification number | L111 |
| Item number | .A6 1933 no. 10 |
| 051 ## - LIBRARY OF CONGRESS COPY, ISSUE, OFFPRINT STATEMENT | |
| Classification number | LB1715 |
| Item number | .A25 |
| 082 ## - DEWEY DECIMAL CLASSIFICATION NUMBER | |
| Classification number | 370.7373 |
| 110 1# - MAIN ENTRY--CORPORATE NAME | |
| Corporate name or jurisdiction name as entry element | United States. |
| Subordinate unit | National Survey of the Education of Teachers. |
| 245 10 - TITLE STATEMENT | |
| Title | National survey of the education of teachers. |
| 260 ## - PUBLICATION, DISTRIBUTION, ETC. | |
| Place of publication, distribution, etc. | Washington, |
| Name of publisher, distributor, etc. | U.S. Govt. Print. Off., |
| Date of publication, distribution, etc. | 1932-35. |
| 300 ## - PHYSICAL DESCRIPTION | |
| Extent | 6 v. |
| Other physical details | diagrs., tables. |
| Dimensions | 23 cm. |
| 410 10 - SERIES STATEMENT/ADDED ENTRY--CORPORATE NAME [OBSOLETE, CAN/MARC], [LOCAL, USA] | |
| Corporate name or jurisdiction name as entry element | United States. |
| Subordinate unit | Office of Education. |
| Title of a work | Bulletin, |
| Volume number/sequential designation | 1933, no. 10 |
| 650 #0 - SUBJECT ADDED ENTRY--TOPICAL TERM | |
| Topical term or geographic name entry element | Teachers |
| General subdivision | Training of |
| Geographic subdivision | United States. |
No items available.